000
00342nam a22001577a 4500
003
OSt
020
_a
9789388706407
082
_a
615.1 ARP
100
_a
Arora , Mandeep Kumar
245
_a
Practical book of Pharmacology-1
250
_a
2019
260
_a
New Delhi
_b
Nirali
300
_a
Pg-65
650
_a
Pharmacology
942
_2
ddc
_c
BK
999
_c
9019
_d
9019